[Event "Jack Woodbury mem."]
[Site "Winnipeg CAN"]
[Date "2018.12.18"]
[Round "7.1"]
[White "Wolchock, Theo"]
[Black "Wiebe, Isaac"]
[Result "1/2-1/2"]
[WhiteElo "2167"]
[BlackElo "2303"]
[PlyCount "99"]
[EventDate "2018.11.06"]
[EventType "swiss"]
[EventRounds "7"]
[EventCountry "CAN"]

1. e4 e6 2. d4 d5 3. e5 c5 4. c3 Nc6 5. Nf3 Bd7 6. Bd3 Rc8 7. a3 Qb6 8. O-O
cxd4 9. cxd4 Nxd4 10. Nxd4 Qxd4 11. Nc3 a6 12. Qf3 Qxe5 13. Bf4 Qf6 14. Rfe1
Be7 15. Qg3 Qh4 16. Qxh4 Bxh4 17. Nxd5 Bd8 18. Ne3 Bc7 19. Bxc7 Rxc7 20. Rac1
Rxc1 21. Rxc1 Ne7 22. Nc4 Bc6 23. Nd6+ Kf8 24. b4 g6 25. a4 Kg7 26. b5 axb5 27.
axb5 Rd8 28. bxc6 bxc6 29. Nxf7 Kxf7 30. Bc4 Kf6 31. g3 e5 32. Kg2 Rd2 33. Bb3
g5 34. Ba4 Rd6 35. Rc3 Ke6 36. Rc1 Kd7 37. Re1 Rd5 38. Bb3 Rc5 39. Re4 Nf5 40.
Ra4 h5 41. Ra7+ Kd6 42. Bd1 g4 43. h3 Rc4 44. Rh7 Rd4 45. Bc2 Ne3+ 46. fxe3
Rd2+ 47. Kf1 Rxc2 48. Rxh5 gxh3 49. Rxh3 Kd5 50. Rh4 1/2-1/2

[Event "Jack Woodbury mem."]
[Site "Winnipeg CAN"]
[Date "2018.12.18"]
[Round "7.2"]
[White "Prince, Colin"]
[Black "Baron, Gustav"]
[Result "0-1"]
[WhiteElo "1878"]
[BlackElo "2254"]
[PlyCount "116"]
[EventDate "2018.11.06"]
[EventType "swiss"]
[EventRounds "7"]
[EventCountry "CAN"]

1. e4 c6 2. d4 d5 3. Nc3 dxe4 4. Nxe4 Bf5 5. Ng3 Bg6 6. Nf3 Nd7 7. h4 h6 8. h5
Bh7 9. Bd3 Bxd3 10. Qxd3 Ngf6 11. c4 e6 12. Bf4 Bb4+ 13. Bd2 Bd6 14. Ne4 Nxe4
15. Qxe4 Qc7 16. Qg4 Bf8 17. Qf4 Qxf4 18. Bxf4 Bb4+ 19. Bd2 Bd6 20. O-O-O O-O-O
21. Bc3 Nf6 22. Rh4 Rd7 23. Ne5 Bxe5 24. dxe5 Rxd1+ 25. Kxd1 Rd8+ 26. Ke2 Ne8
27. Rd4 Rxd4 28. Bxd4 b6 29. c5 Kb7 30. a3 Nc7 31. g3 Ka6 32. Kd3 Kb5 33. b4
Nd5 34. cxb6 axb6 35. Bb2 c5 36. bxc5 bxc5 37. a4+ Kb4 38. a5 Kb5 39. f3 Nb4+
40. Kc3 Kxa5 41. Kc4 Kb6 42. Ba3 Na6 43. g4 Kc6 44. f4 Nb4 45. f5 Na6 46. Bc1
Nb8 47. f6 gxf6 48. Bxh6 Nd7 49. exf6 Nxf6 50. Be3 Nxg4 51. Bxc5 Kd7 52. Kd4
Ke8 53. Bd6 f6 54. Ke4 Kf7 55. Bf4 Kg7 56. Bd2 Nh6 57. Bc3 Nf5 58. Bd2 Ng3+ 0-1

[Event "Jack Woodbury mem."]
[Site "Winnipeg CAN"]
[Date "2018.12.18"]
[Round "7.3"]
[White "Atem, James"]
[Black "Proulx, Roy"]
[Result "1-0"]
[WhiteElo "1760"]
[BlackElo "1616"]
[PlyCount "55"]
[EventDate "2018.11.06"]
[EventType "swiss"]
[EventRounds "7"]
[EventCountry "CAN"]

1. e4 c5 2. d4 cxd4 3. Qxd4 Nc6 4. Qd1 Nf6 5. Nc3 e6 6. Nf3 a6 7. a3 Be7 8. Bd3
b5 9. e5 Ng4 10. Be4 Qc7 11. Bf4 g5 12. Bg3 h5 13. h3 Nh6 14. Nd4 Bb7 15. Nb3
O-O 16. Qe2 h4 17. Bh2 Nf5 18. Bxf5 exf5 19. Nd5 Nd4 20. Nxe7+ Kh8 21. Nxd4 Qc5
22. Nexf5 Bxg2 23. O-O-O Bxh3 24. Nb3 Qc6 25. Ne7 Qb7 26. Rhg1 Rfe8 27. Nd5 Be6
28. Nc5 1-0

[Event "Jack Woodbury mem."]
[Site "Winnipeg CAN"]
[Date "2018.12.18"]
[Round "7.4"]
[White "Babb, Jeff"]
[Black "Cleto, Sam"]
[Result "1/2-1/2"]
[WhiteElo "2165"]
[BlackElo "1965"]
[PlyCount "75"]
[EventDate "2018.11.06"]
[EventType "swiss"]
[EventRounds "7"]
[EventCountry "CAN"]

1. f4 Nf6 2. Nf3 b6 3. d3 d5 4. g3 e6 5. Bg2 Bb4+ 6. c3 Be7 7. O-O Bb7 8. Na3
O-O 9. b4 a5 10. b5 Nbd7 11. Nc2 c5 12. bxc6 Bxc6 13. Ncd4 Bc5 14. Kh1 Bb7 15.
a4 Ng4 16. h3 e5 17. hxg4 exd4 18. cxd4 Bb4 19. Bd2 Nf6 20. Ne5 Bc8 21. e3 Bxd2
22. Qxd2 Bxg4 23. Nxg4 Nxg4 24. Bf3 h5 25. Bxg4 hxg4 26. Rab1 Rc8 27. Rb5 Qd6
28. Kg2 Rfe8 29. Re1 Qh6 30. Rh1 Qe6 31. Kf2 Rc2 32. Qxc2 Qxe3+ 33. Kg2 Qf3+
34. Kh2 Re2+ 35. Qxe2 Qxe2+ 36. Kg1 Qe1+ 37. Kg2 Qe2+ 38. Kg1 1/2-1/2

[Event "Jack Woodbury mem."]
[Site "Winnipeg CAN"]
[Date "2018.12.18"]
[Round "7.5"]
[White "Boron, Anthony"]
[Black "Bince, Rolando"]
[Result "1-0"]
[WhiteElo "2016"]
[BlackElo "1846"]
[PlyCount "81"]
[EventDate "2018.11.06"]
[EventType "swiss"]
[EventRounds "7"]
[EventCountry "CAN"]

1. d4 Nf6 2. Nf3 d6 3. Nc3 g6 4. e4 Bg7 5. Be3 b6 6. Qd2 Bb7 7. Bd3 Nbd7 8.
O-O-O c5 9. d5 Ng4 10. Bg5 a6 11. h3 Nge5 12. Nxe5 Nxe5 13. Bh6 Nxd3+ 14. cxd3
O-O 15. Bxg7 Kxg7 16. h4 Bc8 17. h5 Rh8 18. hxg6 hxg6 19. Ne2 Bd7 20. Ng3 e6
21. Rxh8 Qxh8 22. Rh1 Qg8 23. Qh6+ Kf6 24. Nh5+ Ke7 25. Qg5+ Kf8 26. Nf6 Qg7
27. Nxd7+ Ke8 28. Nf6+ Ke7 29. Nh5+ f6 30. Nxg7 fxg5 31. Nxe6 Kf6 32. Rh3 c4
33. Kd2 cxd3 34. Kxd3 Rc8 35. Rf3+ Ke7 36. Nxg5 Rc1 37. Rf7+ Ke8 38. Ra7 Rd1+
39. Kc2 Rg1 40. g3 Rg2 41. Rf7 1-0

[Event "Jack Woodbury mem."]
[Site "Winnipeg CAN"]
[Date "2018.12.18"]
[Round "7.7"]
[White "Myrzaibraimov, Azamat"]
[Black "Skop, Mike"]
[Result "1-0"]
[WhiteElo "1440"]
[BlackElo "1674"]
[PlyCount "93"]
[EventDate "2018.11.06"]
[EventType "swiss"]
[EventRounds "7"]
[EventCountry "CAN"]

1. e4 c6 2. Nc3 Na6 3. Bxa6 bxa6 4. b3 g6 5. Bb2 Bg7 6. Nf3 Nh6 7. h3 d6 8. d4
Qa5 9. Qd3 O-O 10. O-O Qh5 11. Ne2 g5 12. Nh2 f5 13. Ng3 Qg6 14. Qc4+ Be6 15.
Qxc6 f4 16. Nf5 Nxf5 17. exf5 Bxf5 18. c3 Be4 19. Qxa6 f3 20. Nxf3 Bxf3 21.
gxf3 Rxf3 22. Qe2 Qf5 23. Rfe1 Rf8 24. Qe6+ Qxe6 25. Rxe6 Rxf2 26. Ba3 R2f3 27.
Bb4 Rxh3 28. Rxe7 Rf6 29. Rae1 Rg3+ 30. Kh2 Rg4 31. Re8+ Bf8 32. R1e3 Rf2+ 33.
Kh3 Rg1 34. Bxd6 g4+ 35. Kh4 Kg7 36. Bxf8+ Rxf8 37. Rxf8 Kxf8 38. Rg3 Rxg3 39.
Kxg3 h5 40. c4 Ke7 41. a4 Kd6 42. d5 Ke5 43. b4 Kd6 44. a5 Ke5 45. b5 Kd6 46.
b6 a6 47. c5+ 1-0

[Event "Jack Woodbury mem."]
[Site "Winnipeg CAN"]
[Date "2018.12.18"]
[Round "7.8"]
[White "Czarny, Keith"]
[Black "Remillard, John"]
[Result "0-1"]
[WhiteElo "1660"]
[BlackElo "1617"]
[PlyCount "56"]
[EventDate "2018.11.06"]
[EventType "swiss"]
[EventRounds "7"]
[EventCountry "CAN"]

1. Nf3 b6 2. c4 Bb7 3. Nc3 c5 4. d4 cxd4 5. Nxd4 Nc6 6. Nxc6 dxc6 7. Bf4 Qxd1+
8. Rxd1 f6 9. e4 e5 10. Bd2 O-O-O 11. a3 h5 12. Be2 h4 13. O-O g5 14. h3 Nh6
15. Be3 Be7 16. b4 Rxd1 17. Rxd1 Rd8 18. Rxd8+ Kxd8 19. b5 Bxa3 20. bxc6 Bxc6
21. g3 hxg3 22. fxg3 Nf7 23. Nd5 Bxd5 24. exd5 Bc5 25. Kf2 Nd6 26. h4 gxh4 27.
gxh4 Bxe3+ 28. Kxe3 Nf5+ 0-1

[Event "Jack Woodbury mem."]
[Site "Winnipeg CAN"]
[Date "2018.12.18"]
[Round "7.9"]
[White "Furda, Ievgeniia-Diana"]
[Black "Rutter, Blair"]
[Result "0-1"]
[WhiteElo "1554"]
[BlackElo "1942"]
[PlyCount "50"]
[EventDate "2018.11.06"]
[EventType "swiss"]
[EventRounds "7"]
[EventCountry "CAN"]

1. e4 e6 2. d4 d5 3. Nc3 Nf6 4. exd5 exd5 5. Bg5 c6 6. Nf3 Bd6 7. Be2 O-O 8.
Qd2 Nbd7 9. O-O-O b5 10. a3 a5 11. Rdg1 b4 12. axb4 Bxb4 13. h4 Qc7 14. Bxf6
Nxf6 15. Ng5 a4 16. Qd3 a3 17. bxa3 Rxa3 18. Kd2 Qf4+ 19. Ke1 Bxc3+ 20. Kf1
Bxd4 21. Ke1 Ra1+ 22. Qd1 Bxf2+ 23. Kf1 Bg3+ 24. Nf3 Rxd1+ 25. Bxd1 Re8 0-1

[Event "Jack Woodbury mem."]
[Site "Winnipeg CAN"]
[Date "2018.12.18"]
[Round "7.11"]
[White "Gregoryanz, Philipp"]
[Black "Magyar, Peter"]
[Result "1/2-1/2"]
[WhiteElo "1594"]
[BlackElo "1480"]
[PlyCount "158"]
[EventDate "2018.11.06"]
[EventType "swiss"]
[EventRounds "7"]
[EventCountry "CAN"]

1. e4 e6 2. d4 d5 3. Nc3 c5 4. Nf3 Nc6 5. Bb5 Bd7 6. Bxc6 Bxc6 7. e5 cxd4 8.
Nxd4 Bc5 9. O-O Ne7 10. Be3 Qb6 11. Nxc6 Qxc6 12. Bg5 O-O 13. a3 h6 14. Bh4 Ng6
15. Qh5 Nf4 16. Qg4 Ng6 17. Rfe1 a6 18. Bg3 Ne7 19. Ne2 Nf5 20. Nf4 Be7 21. c3
Bg5 22. Nh5 Qc4 23. f4 Be7 24. Rac1 Kh8 25. Bf2 Qc8 26. Ng3 Nxg3 27. Bxg3 Kh7
28. Rf1 f5 29. exf6 Rxf6 30. Bh4 Rg6 31. Qh3 Bxh4 32. Qxh4 Qc5+ 33. Qf2 Qxf2+
34. Rxf2 b5 35. f5 Rf6 36. fxe6 Rxe6 37. Rd1 Re5 38. Rfd2 Rd8 39. b3 Re3 40.
Rd3 Re5 41. c4 bxc4 42. bxc4 Rde8 43. cxd5 Re2 44. d6 Rb2 45. R3d2 Rxd2 46.
Rxd2 Rd8 47. d7 Kg8 48. Rd6 a5 49. Rd5 a4 50. Rd4 Kf7 51. Rxa4 Rxd7 52. Kf2
Rd2+ 53. Kf3 g5 54. h3 h5 55. g4 Rd3+ 56. Kg2 h4 57. Ra8 Kf6 58. a4 Rd2+ 59.
Kf1 Rd3 60. Kg2 Rd2+ 61. Kh1 Rd3 62. Rf8+ Kg7 63. Rf5 Rxh3+ 64. Kg2 Rg3+ 65.
Kh2 Rxg4 66. a5 Kg6 67. Rb5 Ra4 68. Kh3 Kh5 69. Rd5 Ra3+ 70. Kh2 h3 71. a6 Rxa6
72. Kxh3 Ra3+ 73. Kg2 Kh4 74. Rd2 g4 75. Kh2 Rf3 76. Re2 g3+ 77. Kg2 Kg4 78.
Re4+ Rf4 79. Re2 Rf3 1/2-1/2

[Event "Jack Woodbury mem."]
[Site "Winnipeg CAN"]
[Date "2018.12.18"]
[Round "7.14"]
[White "Myrzaibraimova, Aibike"]
[Black "Trueman, Francis"]
[Result "1-0"]
[WhiteElo "1419"]
[BlackElo "1381"]
[PlyCount "121"]
[EventDate "2018.11.06"]
[EventType "swiss"]
[EventRounds "7"]
[EventCountry "CAN"]

1. e4 d6 2. d4 Nf6 3. Nc3 g6 4. Nf3 Bg7 5. Bg5 O-O 6. Bc4 a5 7. O-O c6 8. e5
dxe5 9. Nxe5 Nd5 10. Nxd5 cxd5 11. Bb5 f6 12. Nxg6 hxg6 13. Be3 Nc6 14. Qd2 Bf5
15. c4 Be6 16. cxd5 Bxd5 17. Bh6 e5 18. Qd3 e4 19. Qe3 Qe7 20. Bf4 Rac8 21.
Rfc1 f5 22. Qg3 Qe6 23. Bxc6 Rxc6 24. Be3 Rfc8 25. b3 Qd6 26. Bf4 Qe6 27. Be3
Qf7 28. h3 Rf8 29. Qf4 Bf6 30. Qg3 Qg7 31. Re1 Be7 32. Bc1 Rfc8 33. Bb2 Rf8 34.
Bc1 Bb4 35. Rd1 Rc3 36. Qg5 Rd3 37. Rxd3 exd3 38. Qe3 Be4 39. f3 Bd5 40. Qxd3
Qe7 41. Qd1 Re8 42. Bd2 Qe2 43. Bxb4 Qxd1+ 44. Rxd1 axb4 45. Rc1 Bc6 46. Rc4
Re1+ 47. Kf2 Ra1 48. Rxb4 Rxa2+ 49. Kg3 Bd5 50. Rb5 Bc6 51. Rc5 f4+ 52. Kxf4
Rxg2 53. b4 g5+ 54. Rxg5+ Rxg5 55. Kxg5 Bxf3 56. Kf4 Bd5 57. Ke5 Bg2 58. h4 Kf7
59. Kd6 Bc6 60. d5 Bb5 61. Kc7 1-0

[Event "Jack Woodbury mem."]
[Site "Winnipeg CAN"]
[Date "2018.12.18"]
[Round "7.15"]
[White "Flynn, Darren"]
[Black "Gannon, Keith"]
[Result "1-0"]
[WhiteElo "1326"]
[BlackElo "1514"]
[PlyCount "53"]
[EventDate "2018.11.06"]
[EventType "swiss"]
[EventRounds "7"]
[EventCountry "CAN"]

1. e4 e5 2. f4 d6 3. Nf3 Nc6 4. Bb5 exf4 5. d4 Bd7 6. Bxf4 a6 7. Bc4 Be7 8. O-O
Nf6 9. e5 dxe5 10. dxe5 Nh5 11. Ng5 Nxf4 12. Nxf7 Bc5+ 13. Kh1 Qe7 14. Nxh8 Ne6
15. Qh5+ g6 16. Nxg6 hxg6 17. Qh8+ Nf8 18. Bf7+ Kd8 19. Bxg6 Kc8 20. Nc3 Be6
21. Rad1 Kb8 22. Nd5 Bxd5 23. Rxd5 Nb4 24. Rxc5 Qxc5 25. Rxf8+ Qxf8 26. Qxf8+
Ka7 27. Qxb4 1-0

[Event "January TNT"]
[Site "Winnipeg CAN"]
[Date "2018.01.09"]
[Round "1"]
[White "Babb, Jeff"]
[Black "Viznytsya, Yevhen"]
[Result "1-0"]
[WhiteElo "2205"]
[BlackElo "1613"]
[PlyCount "39"]
[EventDate "2018.01.09"]
[EventType "swiss"]
[EventRounds "4"]
[EventCountry "CAN"]

1. f4 d5 2. e3 Nf6 3. Nf3 Nc6 4. Bb5 Bd7 5. b3 e6 6. Bb2 Bd6 7. O-O O-O 8. Bxc6
Bxc6 9. Ne5 Bxe5 10. fxe5 Nd7 11. Qg4 b6 12. d3 Bb7 13. Nd2 Qe7 14. Rf2 f6 15.
exf6 Nxf6 16. Qh4 Rf7 17. Nf3 Nd7 18. Ng5 h6 19. Rxf7 Qxg5 20. Qxg5 1-0

[Event "January TNT"]
[Site "Winnipeg CAN"]
[Date "2018.01.09"]
[Round "1"]
[White "Czypinski, Jaroslaw"]
[Black "Magyar, Peter"]
[Result "1/2-1/2"]
[WhiteElo "1921"]
[BlackElo "1501"]
[PlyCount "104"]
[EventDate "2018.01.09"]
[EventType "swiss"]
[EventRounds "4"]
[EventCountry "CAN"]

1. e4 e6 2. d4 d5 3. Nc3 c5 4. Nf3 Nc6 5. Be3 b6 6. Bb5 Bb7 7. exd5 exd5 8.
dxc5 Bxc5 9. Bxc5 bxc5 10. Nxd5 Nge7 11. Nc3 O-O 12. O-O Nd4 13. Be2 Nef5 14.
Qd3 Nxf3+ 15. Bxf3 Qxd3 16. cxd3 Bxf3 17. gxf3 Nd4 18. Kg2 f5 19. Rac1 Rf6 20.
Rg1 f4 21. b3 Rd8 22. Ne4 Rg6+ 23. Kh1 Rxg1+ 24. Rxg1 Nxf3 25. Rd1 Rd5 26. Nc3
Rh5 27. Kg2 Nh4+ 28. Kh3 Nf3+ 29. Kg2 Ne5 30. Ne4 Rh6 31. Nxc5 Rg6+ 32. Kf1 Nf3
33. Ke2 Nd4+ 34. Kf1 f3 35. Ne4 Rg2 36. h3 Rh2 37. Ng3 Rxh3 38. Rc1 a6 39. Ke1
Rh6 40. Kd2 Re6 41. Ne4 Re5 42. Ke3 Rd5 43. Kd2 h5 44. Rc5 Rf5 45. Rxf5 Nxf5
46. Ng3 Nxg3 47. fxg3 g5 48. b4 Kf7 49. a4 Ke7 50. b5 axb5 51. d4 Kd7 52. a5
Kc7 1/2-1/2

[Event "January TNT"]
[Site "Winnipeg CAN"]
[Date "2018.01.09"]
[Round "1"]
[White "Furda, Ievgeniia-Diana"]
[Black "Wolchock, Theo"]
[Result "0-1"]
[WhiteElo "1597"]
[BlackElo "2034"]
[PlyCount "78"]
[EventDate "2018.01.09"]
[EventType "swiss"]
[EventRounds "4"]
[EventCountry "CAN"]

1. e4 e5 2. Nf3 Nc6 3. d4 exd4 4. Nxd4 Nf6 5. Nc3 Bb4 6. Nxc6 bxc6 7. Bd3 O-O
8. O-O d5 9. exd5 cxd5 10. Bg5 c6 11. a3 Be7 12. Re1 h6 13. Bh4 Be6 14. Ne2 c5
15. Nf4 Bg4 16. Be2 Bf5 17. Bxf6 Bxf6 18. Nxd5 Bxb2 19. Ra2 Rb8 20. Ne3 Be6 21.
Qxd8 Rfxd8 22. Bc4 Bc3 23. Rf1 Bxc4 24. Nxc4 Rd4 25. Ne3 Rd2 26. Rd1 Rxd1+ 27.
Nxd1 Rb1 28. Kf1 Rxd1+ 29. Ke2 Ra1 30. Rxa1 Bxa1 31. Kd3 Kf8 32. Kc4 Bd4 33. f3
Ke7 34. Kb5 Kd7 35. a4 Kc7 36. Ka6 c4 37. Kb5 c3 38. Kc4 Bf6 39. g4 Kd6 0-1

[Event "January TNT"]
[Site "Winnipeg CAN"]
[Date "2018.01.09"]
[Round "1"]
[White "Goodman, Clifford"]
[Black "Piche, Zachary"]
[Result "1-0"]
[WhiteElo "1670"]
[BlackElo "1344"]
[PlyCount "49"]
[EventDate "2018.01.09"]
[EventType "swiss"]
[EventRounds "4"]
[EventCountry "CAN"]

1. c4 c5 2. Nc3 Nc6 3. Nf3 Nf6 4. g3 g6 5. Bg2 Bg7 6. O-O O-O 7. d4 cxd4 8.
Nxd4 Qb6 9. Nxc6 bxc6 10. Qc2 Bb7 11. Be3 Qc7 12. Rfd1 d5 13. cxd5 cxd5 14.
Rac1 Rfd8 15. Nb5 Qxc2 16. Rxc2 Ba6 17. Nc7 Rac8 18. Rdc1 e6 19. Nxa6 Rxc2 20.
Rxc2 Rd7 21. Rc8+ Bf8 22. Bc5 Kg7 23. Bxf8+ Kg8 24. Bh6+ Rd8 25. Rxd8+ 1-0

[Event "January TNT"]
[Site "Winnipeg CAN"]
[Date "2018.01.09"]
[Round "1"]
[White "Letain, Cory"]
[Black "Gannon, Keith"]
[Result "1/2-1/2"]
[WhiteElo "1686"]
[BlackElo "1462"]
[PlyCount "130"]
[EventDate "2018.01.09"]
[EventType "swiss"]
[EventRounds "4"]
[EventCountry "CAN"]

1. e4 c5 2. Nf3 d6 3. d4 cxd4 4. Nxd4 Nf6 5. Nc3 a6 6. f3 e6 7. Be3 Be7 8. Qd2
Nbd7 9. O-O-O b5 10. a3 Bb7 11. Kb1 O-O 12. g4 d5 13. g5 Nh5 14. Bd3 b4 15.
axb4 Bxb4 16. exd5 Bxd5 17. Be4 Qa5 18. Bxd5 exd5 19. Nc6 Bxc3 20. Nxa5 Bxd2
21. Rxd2 Ne5 22. Rxd5 Nxf3 23. Nc6 Rfe8 24. Bc1 g6 25. h4 Re4 26. Rf1 Nxh4 27.
Rd7 Nf5 28. Rfd1 Ree8 29. Rc7 Rec8 30. Rdd7 Rxc7 31. Rxc7 f6 32. gxf6 Nxf6 33.
Ne7+ Nxe7 34. Rxe7 Nd5 35. Rd7 Nf6 36. Re7 Nd5 37. Rd7 Nb6 38. Rb7 Nc8 39. Bf4
Na7 40. c4 Nc6 41. Rb6 Nd4 42. c5 Rc8 43. Be5 Nc6 44. Bc3 a5 45. Ra6 h5 46.
Bxa5 Nxa5 47. Rxa5 h4 48. b4 h3 49. Ra3 Rb8 50. Rxh3 Rxb4+ 51. Kc2 Rb8 52. Kd3
Kg7 53. Kd4 Kf6 54. c6 g5 55. Kd5 Rd8+ 56. Kc5 g4 57. Rg3 Kf5 58. c7 Rc8 59.
Kd6 Kf4 60. Rg1 g3 61. Kd7 Rxc7+ 62. Kxc7 Kf3 63. Kd6 g2 64. Ke5 Kf2 65. Rxg2+
Kxg2 1/2-1/2

[Event "January TNT"]
[Site "Winnipeg CAN"]
[Date "2018.01.09"]
[Round "1"]
[White "Lysak, Andriy"]
[Black "Evans, Jason"]
[Result "0-1"]
[WhiteElo "1401"]
[BlackElo "1675"]
[PlyCount "64"]
[EventDate "2018.01.09"]
[EventType "swiss"]
[EventRounds "4"]
[EventCountry "CAN"]

1. e4 e6 2. Nf3 d5 3. exd5 exd5 4. d4 Nf6 5. Nc3 Bb4 6. a3 Bxc3+ 7. bxc3 O-O 8.
Be2 Ne4 9. Bb2 Bg4 10. h3 Bh5 11. O-O Nd7 12. c4 dxc4 13. c3 b5 14. Re1 Re8 15.
a4 a6 16. Ne5 Bxe2 17. Rxe2 Nxe5 18. dxe5 Nc5 19. axb5 axb5 20. Rd2 Nd3 21. f4
c6 22. Kh2 Qc7 23. Qf1 Rxa1 24. Bxa1 Qa7 25. Re2 Ra8 26. Bb2 Qb8 27. Kg3 Ra2
28. Qb1 Qa7 29. Kf3 Qa4 30. Rd2 Qb3 31. Rxd3 cxd3 32. Qxd3 Qd5+ 0-1

[Event "January TNT"]
[Site "Winnipeg CAN"]
[Date "2018.01.09"]
[Round "1"]
[White "Remillard, John"]
[Black "Abusaleh, Yazan"]
[Result "1-0"]
[WhiteElo "1619"]
[BlackElo "1274"]
[PlyCount "121"]
[EventDate "2018.01.09"]
[EventType "swiss"]
[EventRounds "4"]
[EventCountry "CAN"]

1. c4 c5 2. Nc3 Nc6 3. g3 g6 4. Bg2 Bg7 5. e3 e5 6. a3 Nf6 7. Nge2 O-O 8. O-O
Re8 9. f4 e4 10. Qc2 d5 11. cxd5 Nxd5 12. Bxe4 Nf6 13. Bg2 Bg4 14. d3 Rb8 15.
Na4 Nd4 16. Nxd4 cxd4 17. e4 Rc8 18. Qd2 b5 19. Nc3 dxc3 20. bxc3 Qb6+ 21. Kh1
Nd7 22. d4 Rcd8 23. Qf2 Nf6 24. e5 Nd5 25. Bd2 Bf8 26. Rfb1 Qc6 27. Qf1 a6 28.
Rc1 Rc8 29. a4 Red8 30. axb5 axb5 31. Ra5 Be6 32. Rxb5 Qc4 33. Qxc4 Rxc4 34.
Bf1 Ra4 35. c4 Ba3 36. Rcb1 Nc7 37. Rb7 Na8 38. d5 Bf5 39. Ra1 Bc8 40. Rb3 Nb6
41. Rbxa3 Nxc4 42. d6 Bb7+ 43. Kg1 Rd7 44. Bc3 Ne3 45. Rb3 Re4 46. Rab1 Nxf1
47. Kxf1 Re3 48. R1b2 Bd5 49. Rb8+ Kg7 50. e6+ Rxc3 51. exd7 Rc1+ 52. Kf2 Rc3
53. d8=Q Rf3+ 54. Ke2 Ra3 55. Qf8+ Kf6 56. g4 Bc4+ 57. Kf2 Bd5 58. Qh8+ Ke6 59.
Qe5+ Kd7 60. Qe7+ Kc6 61. Qc7# 1-0

[Event "January TNT"]
[Site "Winnipeg CAN"]
[Date "2018.01.09"]
[Round "1"]
[White "Trueman, Francis"]
[Black "Green, Jim"]
[Result "0-1"]
[WhiteElo "1498"]
[BlackElo "1930"]
[PlyCount "96"]
[EventDate "2018.01.09"]
[EventType "swiss"]
[EventRounds "4"]
[EventCountry "CAN"]

1. e4 e5 2. Nf3 Nf6 3. d3 Nc6 4. Nbd2 h6 5. a4 a6 6. g3 Bc5 7. Nc4 d6 8. Bg2
O-O 9. c3 Be6 10. Ncd2 a5 11. O-O Qc8 12. Re1 Ng4 13. Rf1 Nf6 14. Re1 Rb8 15.
Nb3 Ba7 16. Be3 Bxe3 17. Rxe3 b5 18. axb5 Rxb5 19. Nfd2 Bxb3 20. Nxb3 Qb8 21.
Ra3 a4 22. Na1 Rxb2 23. Qxa4 Qc8 24. Qd1 Qd7 25. Re2 Rfb8 26. Nb3 Rxe2 27. Qxe2
Qe6 28. Qc2 Qc8 29. Nd2 Nd7 30. Bh3 Qe8 31. Rb3 Nb6 32. Rb1 Ra8 33. Qd1 Ra3 34.
Rb3 Ra2 35. Rb1 Qa8 36. Nb3 Na5 37. Nxa5 Qxa5 38. Qe1 Ra3 39. Rd1 Qxc3 40. Qxc3
Rxc3 41. Bg4 Rc2 42. Kf1 c5 43. Be2 Rb2 44. Ra1 g6 45. Ra6 Kg7 46. Bd1 c4 47.
dxc4 Nxc4 48. Kg2 Ne3+ 0-1

[Event "January TNT"]
[Site "Winnipeg CAN"]
[Date "2018.01.09"]
[Round "1"]
[White "Wirtzfeld, Ryan"]
[Black "Piche, Jeremie"]
[Result "0-1"]
[WhiteElo "1334"]
[BlackElo "1625"]
[PlyCount "79"]
[EventDate "2018.01.09"]
[EventType "swiss"]
[EventRounds "4"]
[EventCountry "CAN"]

1. d4 Nf6 2. Nf3 g6 3. Bf4 Bg7 4. e3 d6 5. Bd3 Nbd7 6. Nbd2 c5 7. c3 O-O 8. Ne4
Nxe4 9. Bxe4 Nf6 10. Bd3 Qb6 11. Qb3 Be6 12. Qb5 Qxb5 13. Bxb5 Bf5 14. Ke2 Rac8
15. Bd3 Be6 16. Ng5 Bd5 17. f3 cxd4 18. exd4 Nh5 19. Bg3 e5 20. dxe5 Rfe8 21.
Nh3 Nxg3+ 22. hxg3 Rxe5+ 23. Kf2 Bc4 24. Bxc4 Rxc4 25. Rhe1 Bf8 26. Rxe5 dxe5
27. f4 e4 28. Re1 Bc5+ 29. Ke2 Ra4 30. a3 Ra6 31. b4 Bf8 32. Ra1 Bg7 33. Kd2
Rd6+ 34. Kc2 Rd3 35. Re1 Rxc3+ 36. Kd2 f5 37. Re3 Rc7 38. Ng5 Rd7+ 39. Ke2 Bd4
40. Rb3 0-1

[Event "January TNT"]
[Site "Winnipeg CAN"]
[Date "2018.01.16"]
[Round "2"]
[White "Evans, Jason"]
[Black "Babb, Jeff"]
[Result "0-1"]
[WhiteElo "1675"]
[BlackElo "2205"]
[PlyCount "40"]
[EventDate "2018.01.09"]
[EventType "swiss"]
[EventRounds "4"]
[EventCountry "CAN"]

1. e4 d5 2. exd5 Qxd5 3. Nc3 Qd6 4. d4 Nf6 5. Nf3 c6 6. h3 Nbd7 7. Bd3 g6 8.
O-O Bg7 9. Ne2 O-O 10. Bf4 Qb4 11. Qc1 Qb6 12. c4 c5 13. d5 Nh5 14. Bg5 Bxb2
15. Qe3 Bxa1 16. g4 Bd4 17. Nfxd4 cxd4 18. Qxe7 Ng7 19. Bh6 Re8 20. Qg5 Qf6 0-1

[Event "January TNT"]
[Site "Winnipeg CAN"]
[Date "2018.01.16"]
[Round "2"]
[White "Gannon, Keith"]
[Black "Myrzaibraimova, Aibike"]
[Result "1-0"]
[WhiteElo "1462"]
[BlackElo "1539"]
[PlyCount "31"]
[EventDate "2018.01.09"]
[EventType "swiss"]
[EventRounds "4"]
[EventCountry "CAN"]

1. e4 e5 2. Nf3 Nc6 3. c3 Bc5 4. d4 Bd6 5. dxe5 Nxe5 6. Nxe5 Bxe5 7. Nd2 b6 8.
Nf3 Bd6 9. Bc4 a6 10. Qd5 Qe7 11. Qxa8 Kd8 12. Bxa6 Ke8 13. Qxc8+ Qd8 14. Qxd8+
Kxd8 15. O-O c6 16. Bd3 1-0

[Event "January TNT"]
[Site "Winnipeg CAN"]
[Date "2018.01.16"]
[Round "2"]
[White "Green, Jim"]
[Black "Remillard, John"]
[Result "1/2-1/2"]
[WhiteElo "1871"]
[BlackElo "1619"]
[PlyCount "47"]
[EventDate "2018.01.09"]
[EventType "swiss"]
[EventRounds "4"]
[EventCountry "CAN"]

1. e4 e6 2. d4 d5 3. exd5 Qxd5 4. Nf3 Nc6 5. Be3 Nf6 6. h3 Qa5+ 7. c3 Bd7 8.
Be2 e5 9. dxe5 Nxe5 10. O-O O-O-O 11. Qc2 Nxf3+ 12. Bxf3 Bf5 13. Qb3 Nd5 14.
Rd1 Be6 15. Bxd5 Rxd5 16. Rxd5 Bxd5 17. Qc2 Be6 18. b4 Qa6 19. Nd2 b6 20. a4
Be7 21. Rc1 g6 22. Bd4 Rd8 23. b5 Qb7 24. Qe4 1/2-1/2

[Event "January TNT"]
[Site "Winnipeg CAN"]
[Date "2018.01.16"]
[Round "2"]
[White "Magyar, Peter"]
[Black "Le Dorze, Phil"]
[Result "0-1"]
[WhiteElo "1506"]
[BlackElo "1836"]
[PlyCount "112"]
[EventDate "2018.01.09"]
[EventType "swiss"]
[EventRounds "4"]
[EventCountry "CAN"]

1. d4 Nf6 2. Bf4 e6 3. e3 b6 4. Nf3 Bb7 5. Be2 c5 6. c3 cxd4 7. cxd4 Nc6 8. a3
Nh5 9. Bg5 f6 10. Bh4 Bd6 11. Nc3 g6 12. Nd2 Ng7 13. Nce4 Be7 14. Bg3 d5 15.
Nc3 Nf5 16. Bf4 e5 17. dxe5 fxe5 18. Bg3 Nxg3 19. hxg3 Bf6 20. Bg4 d4 21. Nce4
O-O 22. Nxf6+ Qxf6 23. Ne4 Qf7 24. Qf3 Nd8 25. Qxf7+ Nxf7 26. Nf6+ Kg7 27. Nxh7
Rh8 28. Rc1 Rxh7 29. Rxh7+ Kxh7 30. Rc7 Bd5 31. e4 Bb3 32. f4 Kg8 33. Bd7 Nd6
34. Bc6 Rc8 35. Bd5+ Bxd5 36. Rd7 Bxe4 37. Rxd6 exf4 38. Rxd4 Bxg2 39. gxf4
Re8+ 40. Kf2 Bh3 41. b4 Kf7 42. Rd1 Kf6 43. Rh1 Be6 44. Rh7 Re7 45. Rh8 Kf5 46.
Kg3 Ke4 47. Rh4 Bf5 48. Rh1 Kd4 49. Rc1 Re3+ 50. Kf2 Rxa3 51. Rc7 a6 52. Rc6 b5
53. Rd6+ Kc4 54. Rd2 Kxb4 55. Rd4+ Kc3 56. Rd8 b4 0-1

[Event "January TNT"]
[Site "Winnipeg CAN"]
[Date "2018.01.16"]
[Round "2"]
[White "Piche, Jeremie"]
[Black "Czypinski, Jaroslaw"]
[Result "0-1"]
[WhiteElo "1625"]
[BlackElo "1933"]
[PlyCount "83"]
[EventDate "2018.01.09"]
[EventType "swiss"]
[EventRounds "4"]
[EventCountry "CAN"]

1. e4 d5 2. exd5 Qxd5 3. Nc3 Qe5+ 4. Be2 Bg4 5. d4 Bxe2 6. Ngxe2 Qh5 7. Bf4 c6
8. O-O Nf6 9. Re1 Nbd7 10. Ng3 Qxd1 11. Raxd1 Nd5 12. Nxd5 cxd5 13. Rd3 e6 14.
Ne2 Nb6 15. Nc3 a6 16. Nd1 Kd7 17. Rb3 Kc6 18. Rc3+ Nc4 19. b3 Bb4 20. bxc4
Bxc3 21. cxd5+ Kxd5 22. Nxc3+ Kxd4 23. Be5+ Kc5 24. Bxg7 Rhg8 25. Ne4+ Kc6 26.
Bf6 Rg6 27. Rd1 Kb5 28. Rd7 Rg4 29. f3 Rgg8 30. Rxb7+ Kc6 31. Rxf7 Rab8 32.
Rxh7 Rb1+ 33. Kf2 Rc1 34. Rg7 Rxc2+ 35. Kg3 Rc8 36. Re7 Rg8+ 37. Rg7 Rc8 38.
Kf4 Rxa2 39. h4 Kb5 40. g4 Rf8 41. Re7 Ra4 42. Rxe6 0-1